Kiểm tra vốn từ của bạn; T2

Gorde:
Xehetasun bibliografikoak
Egile nagusia: Peter Watcyn-Jones
Formatua: Liburua
Hizkuntza:Undetermined
Argitaratua: Tp.HCM Nxb. Tp. HCM 1997
Etiketak: Etiketa erantsi
Etiketarik gabe, Izan zaitez lehena erregistro honi etiketa jartzen!
Thư viện lưu trữ: Trung tâm Học liệu Trường Đại học Cần Thơ
LEADER 00459nam a2200157Ia 4500
001 CTU_22263
008 210402s9999 xx 000 0 und d
082 |a 428.24 
082 |b W324/T2 
100 |a Peter Watcyn-Jones 
245 0 |a Kiểm tra vốn từ của bạn; T2 
245 0 |c Peter Watcyn-Jones, Nguyễn Trung Tánh 
260 |a Tp.HCM 
260 |b Nxb. Tp. HCM 
260 |c 1997 
980 |a Trung tâm Học liệu Trường Đại học Cần Thơ